| 000 | 00726cab a2200217 4500 | ||
|---|---|---|---|
| 001 | X88118 | ||
| 008 | 090401t1997 xxu||||| |||| 00| 0 eng d | ||
| 035 | _a(Sirsi) u82500 | ||
| 041 | _aeng | ||
| 245 | _aR v ex parte Hollis | ||
| 260 | _c1997 | ||
| 350 | _a0 | ||
| 490 |
_aNew Property Cases _v(1997) NPC 169, (1) |
||
| 520 | _aQBD 25 November 1997. Judicial review - Environmental Law - Costs - Whether the provision for costs of the Environmental Protection Act 1990 s82(12) was mandatory. | ||
| 650 | _aENVIRONMENTAL PROTECTION ACT 1990 S82 | ||
| 650 | _aR V DUDLEY MAGISTRATES COURT EX P HOLLIS | ||
| 650 | _aTOWN PLANNING | ||
| 690 | _aPLANNING LAW AND PRACTICE-CASE LAW | ||
| 942 | _n0 | ||
| 948 | _c04/12/1997 | ||
| 999 |
_c52097 _d52097 |
||